Reproducción del cucarachero común (<Troglodytes aëdon, aves, Troglodytidae>) en el Valle del Cauca (Registro nro. 14345)

Detalles MARC
000 -CABECERA
Campo de control 004640000a22001330004500
090 ## - CLASIFICACIÓN LOCAL
Colección AS
Consecutivo Seriadas
041 0# - IDIOMA
Código de idioma para texto/pista de sonido o título separado
100 1# - ASIENTO PRINCIPAL--NOMBRE PERSONAL
Nombre personal Alvarez López, Humberto
245 10 - MENCION DE TITULO
Título Reproducción del cucarachero común (<Troglodytes aëdon, aves, Troglodytidae>) en el Valle del Cauca
700 1# - ASIENTO SECUNDARIO - NOMBRE PERSONAL
Nombre personal Heredia Flores, María Dolores
700 1# - ASIENTO SECUNDARIO - NOMBRE PERSONAL
Nombre personal Hernández Pizarro, María Claudia
773 1# - Item fuente:
Título Caldasia
Especificación de materiales 45
Descripción física 66
Paginas del Articulo 85-123
Lugar, editorial y fecha de publicación 1984
Información sobre la relación 14
942 ## - ELEMENTOS ADICIONALES (KOHA)
Tipo de ítem Artículo

No hay ítems disponibles.